[Event "4th Mediterranean Open"]
[Site "Rijeka CRO"]
[Date "2010.11.17"]
[Round "6.9"]
[White "Yilmaz, Mustafa"]
[Black "Kurajica, Bojan"]
[Result "0-1"]
[WhiteTitle "IM"]
[BlackTitle "GM"]
[WhiteElo "2476"]
[BlackElo "2529"]
[WhiteFideId "6302718"]
[BlackFideId "14400057"]
[EventDate "2010.11.13"]

1. e4 d5 2. exd5 Qxd5 3. Nc3 Qd6 4. d4 Nf6 5. Nf3 g6 6. Bg5 Bg7 7. Qd2 O-O 8.
O-O-O a6 9. Bf4 Qd8 10. h4 b5 11. h5 b4 12. Na4 Nxh5 13. Bh6 Qd6 14. Bxg7 Kxg7
15. Ne5 f6 16. Nc4 Qf4 17. Ne3 e5 18. g3 Qxd4 19. Qe2 Qa7 20. Bg2 Bb7 21. Bxb7
Qxb7 22. Nc5 Qc6 23. Qc4 Kh8 24. Qxb4 a5 25. Qa3 Re8 26. Nd5 f5 27. Qc3 Nf6 28.
Nxf6 Qxf6 29. Qf3 e4 30. Qf4 Qf7 31. Nxe4 Nc6 32. Nc3 Rab8 33. Qa4 Re6 34. Qh4
Qg7 35. a3 h5 36. Qc4 Rbe8 37. Kb1 Ne5 38. Qd4 Ng4 39. Qxg7+ Kxg7 40. Rhf1 c6
41. Ka2 g5 42. b4 axb4 43. axb4 Kg6 44. Rd2 Rh8 45. f3 Ne3 46. Re1 h4 47. gxh4
Rxh4 48. Nd1 f4 49. Rde2 Rh8 50. Nxe3 Rhe8 51. Kb2 Rxe3 52. Rxe3 fxe3 53. Kc1
Kf5 54. Rg1 Kf4 55. Kd1 Rd8+ 56. Ke1 Rd2 57. Rg4+ Kxf3 58. Rxg5 Rxc2 59. Rf5+
Ke4 60. Rf8 Rc4 61. Rc8 Kd3 62. Rd8+ Rd4 63. Rb8 Rd6 64. b5 c5 65. b6 c4 66. b7
Rd7 67. Kd1 e2+ 68. Ke1 c3 69. Re8 Rxb7 70. Rd8+ Kc2 71. Kxe2 Kb2 72. Rh8 0-1

[Event "4th Mediterranean Open"]
[Site "Rijeka CRO"]
[Date "2010.11.17"]
[Round "6.10"]
[White "Fercec, Nenad"]
[Black "Loncar, Robert"]
[Result "1/2-1/2"]
[WhiteTitle "GM"]
[BlackTitle "IM"]
[WhiteElo "2491"]
[BlackElo "2404"]
[WhiteFideId "14500299"]
[BlackFideId "14501325"]
[EventDate "2010.11.13"]

1. e4 c5 2. Nf3 Nc6 3. d4 cxd4 4. Nxd4 e5 5. Nb5 d6 6. N1c3 a6 7. Na3 b5 8. Nd5
Nce7 9. Ne3 Nf6 10. Bd3 d5 11. exd5 Nexd5 12. O-O Nxe3 13. Bxe3 e4 14. Be2 Qxd1
15. Rfxd1 Bxa3 16. bxa3 Be6 17. a4 bxa4 18. Rd4 O-O 19. Rxa4 a5 20. Bd2 Rfc8 21.
c4 Rc5 22. Bb4 Rc6 23. Rxa5 Rxa5 24. Bxa5 Bxc4 25. Rc1 Bd5 26. Rxc6 Bxc6 27. Kf1
Nd5 28. g3 f5 29. Bd2 Kf7 30. Bc4 Ke6 31. Bc1 g6 32. Kg2 Ke5 33. Bb2+ Kd6 34.
Ba3+ Ke5 35. Bb2+ Kd6 36. Ba3+ Ke5 37. Bb2+ 1/2-1/2

[Event "4th Mediterranean Open"]
[Site "Rijeka CRO"]
[Date "2010.11.17"]
[Round "6.11"]
[White "Paljusaj, Edmond"]
[Black "Drazic, Sinisa"]
[Result "0-1"]
[WhiteTitle "FM"]
[BlackTitle "GM"]
[WhiteElo "2316"]
[BlackElo "2524"]
[WhiteFideId "14505231"]
[BlackFideId "901172"]
[EventDate "2010.11.13"]

1. e4 Nc6 2. Nf3 d6 3. d4 Nf6 4. d5 Nb8 5. Nc3 c6 6. Bg5 Qb6 7. Rb1 Bg4 8. Be2
Nbd7 9. O-O g6 10. Nd2 Bxe2 11. Qxe2 Bg7 12. Nc4 Qc7 13. a4 O-O 14. Ne3 Nc5 15.
Ng4 Nxg4 16. Qxg4 a5 17. Qh4 Rfe8 18. Rfe1 e6 19. dxc6 bxc6 20. Re3 Nd7 21. Rh3
h5 22. Qg3 f6 23. Bf4 e5 24. Bd2 Nf8 25. Qd3 Ne6 26. Qc4 Rab8 27. Ne2 Re7 28.
Rc3 Rc8 29. Rg3 Kh7 30. Rh3 d5 31. Qc3 Ra8 32. g4 Nd4 33. Re1 dxe4 34. gxh5 g5
35. Nxd4 exd4 36. Qxd4 f5 37. Qc4 g4 38. Rb3 Be5 39. h4 gxh3 40. Rxh3 Rg8+ 41.
Kf1 Bxb2 42. Bc3 Bxc3 43. Qxc3 Reg7 44. h6 Rg2 45. Qc5 Rg1+ 46. Ke2 Rxe1+ 47.
Kxe1 Qd7 48. Rg3 Rxg3 49. fxg3 Qd5 50. Qf8 Qe5 51. Ke2 c5 52. Kd2 Kg6 53. Ke2 c4
54. Kf2 Qd4+ 55. Ke2 Qe5 56. Kf2 c3 57. Ke2 Qf6 58. Qxf6+ Kxf6 59. Ke3 Kg6 60.
h7 Kxh7 61. g4 fxg4 0-1

[Event "4th Mediterranean Open"]
[Site "Rijeka CRO"]
[Date "2010.11.17"]
[Round "6.12"]
[White "Caspi, Israel"]
[Black "Battaglini, Gabriel"]
[Result "1-0"]
[WhiteTitle "IM"]
[BlackTitle "IM"]
[WhiteElo "2460"]
[BlackElo "2446"]
[WhiteFideId "2807394"]
[BlackFideId "621650"]
[EventDate "2010.11.13"]

1. e4 e6 2. d4 d5 3. Nd2 Nf6 4. e5 Nfd7 5. Ngf3 c5 6. c3 Nc6 7. Bd3 Be7 8. O-O
g5 9. dxc5 g4 10. Nd4 Ncxe5 11. Bb5 a6 12. Bxd7+ Bxd7 13. f4 gxf3 14. N2xf3 Ng6
15. Bh6 f6 16. Qb3 Qc7 17. Rae1 e5 18. Qxd5 exd4 19. Bg7 O-O-O 20. Bxh8 Rxh8 21.
Nxd4 Bxc5 22. Rxf6 Kb8 23. Rf7 Bd6 24. Kh1 Rf8 25. Rxh7 Ne7 26. Qg5 Qc4 27. Rg1
Rg8 28. Qf6 Rg6 29. Qf8+ Nc8 30. Qf7 Qxf7 31. Rxf7 Rh6 32. g3 Be8 33. Rf3 Ne7
34. Rf8 1-0

[Event "4th Mediterranean Open"]
[Site "Rijeka CRO"]
[Date "2010.11.17"]
[Round "6.13"]
[White "Rukavina, Josip"]
[Black "Medancic, Rikard"]
[Result "1/2-1/2"]
[WhiteTitle "IM"]
[BlackTitle "IM"]
[WhiteElo "2421"]
[BlackElo "2284"]
[WhiteFideId "14500191"]
[BlackFideId "14500531"]
[EventDate "2010.11.13"]

1. d4 Nf6 2. Bg5 c5 3. Bxf6 gxf6 4. d5 Qb6 5. Qc1 f5 6. g3 Bg7 7. c3 d6 8. Nd2
Nd7 9. Bg2 Nf6 10. Nh3 h5 11. Qc2 h4 12. Nf4 Bd7 13. Nf3 hxg3 14. hxg3 Rxh1+ 15.
Bxh1 O-O-O 16. Nh4 Kb8 17. O-O-O c4 18. e3 e5 19. dxe6 fxe6 20. Qe2 d5 21. Nh5
Nxh5 22. Qxh5 Qa5 23. Kb1 Bxc3 24. bxc3 Qxc3 25. Qe2 Qa5 26. Nf3 Ba4 27. Rc1 Rd6
28. Qd2 Qc5 29. Qc3 b5 30. Ne5 b4 31. Qd4 Qxd4 32. exd4 Rd8 33. Bf3 Rh8 34. Rh1
Rxh1+ 35. Bxh1 Kc7 36. Bf3 Be8 37. Bd1 Kd6 38. a3 a5 39. axb4 axb4 40. Be2 Ke7
41. f4 Kd6 42. Bd1 Ke7 43. Kc1 Kd6 44. Kd2 Ke7 45. Nf3 Kd6 46. Ne1 b3 47. Kc3
Ba4 48. Bh5 Bd7 49. Nf3 Bc8 50. Nd2 Ke7 51. Kb4 Bd7 52. Nb1 Kd6 53. Nc3 Bc6 54.
Ka5 Kc7 55. Be2 Kd6 56. Kb4 Be8 57. Nd1 Bc6 58. Kc3 Bb7 59. Nb2 Ba6 60. Na4 Bb5
61. Nb2 Ba6 62. Nd1 Bb5 63. Kb4 Ba6 64. Nc3 Kc6 65. Bh5 Kd6 66. Be8 Bb7 67. Bb5
Ba8 68. Bxc4 dxc4 69. Kxc4 b2 70. Kb3 b1=Q+ 71. Nxb1 Kd5 72. Kc3 Ke4 73. Nd2+
Ke3 74. Nc4+ Kf3 75. Kd2 Kxg3 76. Ke3 Bd5 1/2-1/2

[Event "4th Mediterranean Open"]
[Site "Rijeka CRO"]
[Date "2010.11.17"]
[Round "6.14"]
[White "Zufic, Miroslav"]
[Black "Foglia, Maurizio"]
[Result "0-1"]
[WhiteTitle "IM"]
[WhiteElo "2442"]
[BlackElo "2204"]
[WhiteFideId "14506157"]
[BlackFideId "806838"]
[EventDate "2010.11.13"]

1. e4 Nf6 2. e5 Nd5 3. d4 d6 4. Nf3 dxe5 5. Nxe5 c6 6. Be2 g6 7. c4 Nc7 8. Nc3
Bg7 9. f4 Nd7 10. Be3 O-O 11. Nf3 b5 12. O-O bxc4 13. Bxc4 Nb6 14. Bb3 Nbd5 15.
Qd2 Nxe3 16. Qxe3 Be6 17. Bxe6 Nxe6 18. Rad1 Qb6 19. Rd2 c5 20. d5 Bd4 21. Nxd4
cxd4 22. Qf2 dxc3 23. bxc3 Qxf2+ 24. Rfxf2 Nc5 25. Rfe2 Rfe8 26. c4 Rab8 27. Rb2
Kf8 28. g3 Rec8 29. Kg2 Nd3 30. Rb3 Nc1 31. Rxb8 Rxb8 32. Rc2 Nd3 33. Rc3 Nc5
34. Ra3 Rb7 35. Kf3 Ke8 36. Ke3 Kd7 37. Kd4 Kd6 38. Ra5 Rc7 39. Rb5 f6 40. Rb8
e5+ 41. fxe5+ fxe5+ 42. Kc3 Na4+ 43. Kd3 Nb6 44. Rd8+ Rd7 45. Rf8 Kc5 46. Rf6
Rc7 47. h4 0-1

[Event "4th Mediterranean Open"]
[Site "Rijeka CRO"]
[Date "2010.11.17"]
[Round "6.15"]
[White "Bukal, Vladimir Jr."]
[Black "Drljevic, Ljilja"]
[Result "1-0"]
[WhiteTitle "IM"]
[BlackTitle "WIM"]
[WhiteElo "2390"]
[BlackElo "2298"]
[WhiteFideId "14502941"]
[BlackFideId "928879"]
[EventDate "2010.11.13"]

1. d4 Nf6 2. c4 g6 3. g3 Bg7 4. Bg2 O-O 5. Nc3 d6 6. Nf3 Nbd7 7. O-O e5 8. e4
Re8 9. h3 exd4 10. Nxd4 a6 11. Be3 Rb8 12. Re1 Ne5 13. b3 c5 14. Nc2 Qc7 15. a4
Be6 16. f4 Nc6 17. Qd3 h5 18. Rad1 Na5 19. Rb1 Bf8 20. Bd2 Bg7 21. Ne3 Nc6 22.
Rbc1 Nb4 23. Qb1 Qe7 24. Kh2 Bd7 25. a5 Qd8 26. Ncd5 Nfxd5 27. cxd5 Bb5 28. Nc4
Bxc4 29. bxc4 Qxa5 30. e5 dxe5 31. f5 Qa2 32. Bxb4 Qxb1 33. Rxb1 cxb4 34. fxg6
f5 35. Rxb4 e4 36. Rb3 Be5 37. h4 Rec8 38. Rf1 Rxc4 39. Rxf5 Re8 40. Rxh5 b5 41.
Rf5 Kg7 42. h5 Bf6 43. d6 Rd4 44. Rc3 Rc4 45. d7 Rd8 46. Rxc4 bxc4 47. Bxe4 c3
48. g4 Rxd7 49. h6+ Kxh6 50. Rh5+ 1-0

[Event "4th Mediterranean Open"]
[Site "Rijeka CRO"]
[Date "2010.11.17"]
[Round "6.16"]
[White "Franciskovic, Borka"]
[Black "Bontempi, Piero"]
[Result "1-0"]
[WhiteTitle "WIM"]
[BlackTitle "FM"]
[WhiteElo "2274"]
[BlackElo "2375"]
[WhiteFideId "14507943"]
[BlackFideId "809250"]
[EventDate "2010.11.13"]

1. c4 e5 2. g3 Nf6 3. Bg2 Nc6 4. Nc3 Bc5 5. Nf3 O-O 6. O-O d6 7. d3 h6 8. a3 a6
9. b4 Ba7 10. Bb2 Be6 11. h3 Ne7 12. Rc1 Ng6 13. e3 Rc8 14. Qe2 c6 15. Rfd1 b5
16. Kh2 e4 17. Nxe4 Nxe4 18. dxe4 Bxc4 19. Qd2 Bb8 20. Qd4 f6 21. Rxc4 bxc4 22.
Qxc4+ Kh8 23. Nd4 Qb6 24. Nf5 c5 25. Qe6 Rce8 26. Qd7 Qc7 27. Qxc7 Bxc7 28. bxc5
dxc5 29. Rd7 Be5 30. Bxe5 fxe5 31. Bf1 Rf6 32. Kg1 Nf8 33. Ra7 Ne6 34. h4 Rc8
35. Bc4 Rc6 36. Re7 Rc7 37. Re8+ Nf8 38. Rxe5 Kh7 39. h5 g6 40. hxg6+ Nxg6 41.
Re8 Nf8 42. g4 Rb7 43. e5 Rg6 44. f3 Nd7 45. Bd3 c4 46. Be4 Rc7 47. Nh4 c3 48.
Bxg6+ Kg7 49. Re7+ Kf8 50. Rf7+ Kg8 51. Nf5 c2 52. Nxh6+ 1-0

[Event "4th Mediterranean Open"]
[Site "Rijeka CRO"]
[Date "2010.11.17"]
[Round "6.17"]
[White "Brumen, Dinko"]
[Black "Valenti, Giuseppe"]
[Result "1-0"]
[WhiteTitle "IM"]
[BlackTitle "FM"]
[WhiteElo "2359"]
[BlackElo "2122"]
[WhiteFideId "14501490"]
[BlackFideId "801119"]
[EventDate "2010.11.13"]

1. d4 d6 2. g3 g6 3. Bg2 Bg7 4. Nf3 Nf6 5. O-O O-O 6. c4 c6 7. Nc3 Nbd7 8. e4 e5
9. Re1 Re8 10. d5 cxd5 11. cxd5 a5 12. Nd2 Nc5 13. Nc4 b6 14. Nb5 Bf8 15. Bg5
Ba6 16. a4 Rb8 17. Qf3 Be7 18. Ncxd6 Bxd6 19. Bxf6 Qd7 20. Bh3 1-0

[Event "4th Mediterranean Open"]
[Site "Rijeka CRO"]
[Date "2010.11.17"]
[Round "6.18"]
[White "Hagesaether, Ellen"]
[Black "Plenca, Julijan"]
[Result "1/2-1/2"]
[WhiteTitle "WIM"]
[BlackTitle "FM"]
[WhiteElo "2275"]
[BlackElo "2311"]
[WhiteFideId "1501909"]
[BlackFideId "14508044"]
[EventDate "2010.11.13"]

1. f4 d5 2. Nf3 c5 3. g3 Nc6 4. Bg2 g6 5. O-O Bg7 6. d3 Nf6 7. Qe1 O-O 8. h3 Re8
9. Qf2 Qd6 10. Nc3 d4 11. Ne4 Nxe4 12. dxe4 e5 13. f5 gxf5 14. Nh4 Bh6 15. Nxf5
Bxf5 16. Qxf5 Re7 17. Bf3 Bxc1 18. Raxc1 f6 19. Bg4 Rf8 20. Rf3 b5 21. Qh5 Rg7
22. Rcf1 Kh8 23. Qh4 Rg6 24. Bf5 Rg7 25. Bg4 Rg6 26. Bf5 Rg7 27. Bg4 Qe7 28.
Rxf6 Rxf6 29. Qxf6 Qxf6 30. Rxf6 Rc7 31. Bd7 Nb4 32. Bxb5 c4 33. b3 cxb3 34.
cxb3 Rc3 35. a3 Nc2 36. Bc4 Nxa3 37. Rf5 a5 38. Bd5 Rxg3+ 39. Kf2 Rxh3 40. Rxe5
Nb1 41. Bc4 1/2-1/2

[Event "4th Mediterranean Open"]
[Site "Rijeka CRO"]
[Date "2010.11.17"]
[Round "6.19"]
[White "Ivanov, Stojan Emilov"]
[Black "Doric, Nenad"]
[Result "1-0"]
[BlackTitle "IM"]
[WhiteElo "2205"]
[BlackElo "2320"]
[WhiteFideId "2903245"]
[BlackFideId "14501694"]
[EventDate "2010.11.13"]

1. Nf3 d5 2. d4 Nf6 3. c4 c6 4. e3 e6 5. Nc3 Nbd7 6. Be2 Bd6 7. O-O O-O 8. b3
Qe7 9. Bb2 Re8 10. Qc2 b6 11. e4 Nxe4 12. Nxe4 dxe4 13. Qxe4 Bb7 14. Rad1 Rad8
15. Bd3 f5 16. Qe2 c5 17. Rfe1 cxd4 18. Nxd4 Qh4 19. g3 Qh3 20. Qf1 Qxf1+ 21.
Bxf1 Ne5 22. Bg2 Bxg2 23. Kxg2 Bc7 24. Nb5 Nd3 25. Rxd3 Rxd3 26. Nxc7 Re7 27.
Nd5 Re8 28. Re2 Kf7 29. Nf4 Rd1 30. h4 g6 31. Kf3 Re7 32. Be5 h6 33. h5 g5 34.
Ng6 Red7 35. Rc2 Rh1 36. b4 Rxh5 37. Nh8+ Ke8 38. c5 bxc5 39. bxc5 Rh1 40. Bd6
Rd1 41. Ng6 Rd3+ 42. Ke2 R3xd6 43. cxd6 Rxd6 44. Ke3 Ra6 45. Kd4 Ra4+ 46. Kc5
Kf7 47. Ne5+ Kf6 48. Nc4 a6 49. f4 h5 50. Re2 h4 51. fxg5+ Kxg5 52. gxh4+ Kxh4
53. a3 f4 54. Rxe6 f3 55. Rf6 Kg3 56. Kd4 f2 57. Kc3 Kg2 58. Kb3 f1=Q 59. Ne3+
Kh3 60. Rxf1 Rd4 61. Rh1+ Kg3 62. Nf5+ Kg2 63. Nxd4 1-0

[Event "4th Mediterranean Open"]
[Site "Rijeka CRO"]
[Date "2010.11.17"]
[Round "6.20"]
[White "Pavlovic, Ranko"]
[Black "Fucak, Emilijo"]
[Result "1/2-1/2"]
[WhiteTitle "FM"]
[BlackTitle "FM"]
[WhiteElo "2242"]
[BlackElo "2280"]
[WhiteFideId "14501988"]
[BlackFideId "14501023"]
[EventDate "2010.11.13"]

1. d4 Nf6 2. c4 e6 3. Nc3 Bb4 4. e3 c5 5. Bd3 Nc6 6. Nf3 Bxc3+ 7. bxc3 d6 8. O-O
e5 9. d5 Ne7 10. Qc2 O-O 11. Ne1 b5 12. e4 bxc4 13. Bxc4 Nd7 14. g3 Qa5 15. Ng2
Nb6 16. Ne3 Bh3 17. Re1 Bd7 18. Bd3 Rfc8 19. Bd2 c4 20. Bf1 Ba4 21. Qc1 Qc5 22.
Kg2 Rc7 23. Rb1 f5 24. f3 Rf8 25. Rb4 fxe4 26. fxe4 a5 27. Rb2 Kh8 28. Kh1 Nec8
29. Bg2 Rcf7 30. Nf5 Nxd5 31. Nxd6 Nxd6 32. exd5 Re8 33. Be3 Qc8 34. Rf1 Rxf1+
35. Qxf1 Bd7 36. Bg1 1/2-1/2

[Event "4th Mediterranean Open"]
[Site "Rijeka CRO"]
[Date "2010.11.17"]
[Round "6.21"]
[White "Butuc, Maria"]
[Black "Andrejic, Vladica"]
[Result "1-0"]
[WhiteTitle "WIM"]
[WhiteElo "2180"]
[BlackElo "2168"]
[WhiteFideId "13902911"]
[BlackFideId "928178"]
[EventDate "2010.11.13"]

1. Nf3 Nf6 2. d4 c5 3. c4 cxd4 4. Nxd4 Nc6 5. Nc3 g6 6. e4 d6 7. Be2 Bg7 8. Be3
O-O 9. O-O Bd7 10. h3 Rc8 11. Qd2 b6 12. f4 Qc7 13. Rac1 Qb7 14. Bf3 Ne8 15.
Nde2 Na5 16. b3 Bc6 17. Qd3 Qd7 18. b4 1-0

[Event "4th Mediterranean Open"]
[Site "Rijeka CRO"]
[Date "2010.11.17"]
[Round "6.22"]
[White "Andersen, Alf R."]
[Black "Ionica, Iulia-Ionela"]
[Result "1/2-1/2"]
[BlackTitle "WGM"]
[WhiteElo "2220"]
[BlackElo "2244"]
[WhiteFideId "1503120"]
[BlackFideId "1205480"]
[EventDate "2010.11.13"]

1. e4 c5 2. Nf3 e6 3. d4 cxd4 4. Nxd4 Nf6 5. Nc3 d6 6. g4 h6 7. h4 Nc6 8. Rg1 e5
9. Nf5 g6 10. Ne3 Be6 11. g5 hxg5 12. hxg5 Nh5 13. Ned5 Bg7 14. Be3 Nd4 15. Be2
Rc8 16. Bd3 Qa5 17. Bd2 Qd8 18. Be3 a6 19. b4 Kf8 20. a4 Nf4 21. Bxd4 Bxd5 22.
Nxd5 Nxd5 23. exd5 exd4 24. Qg4 Qc7 25. Kf1 Re8 26. Re1 Rxe1+ 27. Kxe1 Rh5 28.
Kf1 Kg8 29. f4 Qc3 30. f5 Rh2 31. Rg2 gxf5 32. Bxf5 Rh1+ 33. Rg1 Qa1+ 34. Kf2
Rxg1 35. Qxg1 Qc3 36. Qe1 Qxe1+ 37. Kxe1 1/2-1/2

[Event "4th Mediterranean Open"]
[Site "Rijeka CRO"]
[Date "2010.11.17"]
[Round "6.23"]
[White "Ostling, Hakan"]
[Black "Naslund, Mikael"]
[Result "0-1"]
[BlackTitle "FM"]
[WhiteElo "2207"]
[BlackElo "2151"]
[WhiteFideId "1708635"]
[BlackFideId "1708260"]
[EventDate "2010.11.13"]

1. e4 e6 2. Nc3 d5 3. d4 Bb4 4. e5 c5 5. a3 Ba5 6. b4 cxd4 7. Nb5 Bc7 8. Bg5 Ne7
9. f4 a6 10. Nxd4 Bb6 11. Ngf3 Qc7 12. Bd3 Qc3+ 13. Kf1 Ng6 14. Ne2 Qc7 15. Qd2
h6 16. Bh4 Nxh4 17. Nxh4 g5 18. Nf3 Nc6 19. c3 Bd7 20. h4 gxf4 21. Qxf4 O-O-O
22. Ned4 f6 23. Nxc6 Bxc6 24. Qxf6 Bd7 25. Ke2 Rhg8 26. Bg6 Rdf8 27. Qe7 Bb5+ 0-1

[Event "4th Mediterranean Open"]
[Site "Rijeka CRO"]
[Date "2010.11.18"]
[Round "7.1"]
[White "Kozul, Zdenko"]
[Black "Predojevic, Borki"]
[Result "1/2-1/2"]
[WhiteTitle "GM"]
[BlackTitle "GM"]
[WhiteElo "2595"]
[BlackElo "2632"]
[WhiteFideId "14502879"]
[BlackFideId "930849"]
[EventDate "2010.11.13"]

1. d4 Nf6 2. c4 e6 3. Nf3 Bb4+ 4. Nbd2 O-O 5. a3 Be7 6. Qc2 d5 7. g3 b6 8. Bg2
Bb7 9. O-O Nbd7 10. b4 dxc4 11. Nxc4 c5 12. Qb2 cxd4 13. Qxd4 Ne4 14. Bb2 Bf6
15. Qe3 Bxb2 16. Nxb2 Ndf6 17. Ne5 Rc8 18. Rfc1 Bd5 19. f3 Nd6 20. Qd2 Qe7 21.
e4 Bb7 22. Bf1 Rfd8 23. Rxc8 Rxc8 24. Rd1 Nfe8 25. Nbc4 Rd8 26. Qc1 Nxc4 27.
Nxc4 h6 28. Ne5 Kf8 29. Kf2 Rxd1 30. Qxd1 Qd6 31. Qxd6+ Nxd6 32. h4 Ke7 33. h5
Kf6 34. Nc4 Nxc4 35. Bxc4 e5 1/2-1/2

[Event "4th Mediterranean Open"]
[Site "Rijeka CRO"]
[Date "2010.11.18"]
[Round "7.2"]
[White "Brkic, Ante"]
[Black "Lenic, Luka"]
[Result "0-1"]
[WhiteTitle "GM"]
[BlackTitle "GM"]
[WhiteElo "2564"]
[BlackElo "2619"]
[WhiteFideId "14506688"]
[BlackFideId "14603853"]
[EventDate "2010.11.13"]

1. e4 c6 2. d4 d5 3. e5 Bf5 4. Nf3 e6 5. Be2 c5 6. Be3 cxd4 7. Nxd4 Ne7 8. c4
Nbc6 9. Qa4 dxc4 10. Na3 Nd5 11. Nxc6 Qd7 12. Nxc4 bxc6 13. O-O Be7 14. Rfd1 O-O
15. Na5 Qc7 16. Nxc6 Nxe3 17. Nxe7+ Qxe7 18. fxe3 Rab8 19. Rd7 Qc5 20. Qxa7 Qc2
21. Bf3 Rxb2 22. Rb7 Rxb7 23. Qxb7 Qc3 24. Rf1 Qxe3+ 25. Kh1 Qxe5 26. a4 g5 27.
h3 Bd3 28. Rc1 Kg7 29. Qa7 Rb8 30. a5 Rb2 31. Qc7 Qxc7 32. Rxc7 Ra2 33. Ra7 Kg6
34. Bc6 f5 35. Bb7 h5 36. Ra8 Kf6 37. a6 Ra1+ 38. Kh2 h4 39. a7 Ke5 40. Bd5 Be4
41. Bxe4 fxe4 42. Rg8 Rxa7 43. Rxg5+ Kd4 44. Rg6 Ra6 45. Rg8 e3 46. Rd8+ Ke5 0-1

[Event "4th Mediterranean Open"]
[Site "Rijeka CRO"]
[Date "2010.11.18"]
[Round "7.3"]
[White "Stevic, Hrvoje"]
[Black "Popovic, Dusan"]
[Result "1/2-1/2"]
[WhiteTitle "GM"]
[BlackTitle "GM"]
[WhiteElo "2621"]
[BlackElo "2546"]
[WhiteFideId "14502569"]
[BlackFideId "927031"]
[EventDate "2010.11.13"]

1. e4 c5 2. d3 Nc6 3. f4 g6 4. Nf3 Bg7 5. Be2 d6 6. O-O e6 7. c3 Nge7 8. Be3 O-O
9. d4 b6 10. dxc5 bxc5 11. Na3 f5 12. e5 Nd5 13. Qd2 dxe5 14. fxe5 Nxe3 15. Qxe3
Qe7 16. Nc4 Ba6 17. Rad1 Rad8 18. Rd6 Bxc4 19. Bxc4 Rxd6 20. exd6 Qxd6 21. Qxe6+
Qxe6 22. Bxe6+ Kh8 23. Re1 Re8 24. Kf1 Bf6 25. Re2 Kg7 26. h3 h5 27. Bd7 Rxe2
28. Kxe2 Ne7 29. Be6 g5 30. Kd3 g4 31. hxg4 hxg4 32. Nd2 Bh4 33. Nb3 Kf6 34. Bc4
Bf2 35. Ke2 Bg1 36. g3 Ng6 37. Kf1 Be3 38. Ke2 Bg1 39. Kf1 Be3 40. Ke2 1/2-1/2

[Event "4th Mediterranean Open"]
[Site "Rijeka CRO"]
[Date "2010.11.18"]
[Round "7.4"]
[White "Saric, Ivan"]
[Black "Cvitan, Ognjen"]
[Result "1-0"]
[WhiteTitle "GM"]
[BlackTitle "GM"]
[WhiteElo "2574"]
[BlackElo "2526"]
[WhiteFideId "14508150"]
[BlackFideId "14500086"]
[EventDate "2010.11.13"]

1. e4 c6 2. d4 d5 3. Nc3 dxe4 4. Nxe4 Bf5 5. Ng3 Bg6 6. h4 h6 7. Nf3 Nd7 8. h5
Bh7 9. Bd3 Bxd3 10. Qxd3 Ngf6 11. Bd2 e6 12. O-O-O Qc7 13. Ne4 O-O-O 14. g3 Nc5
15. Nxc5 Bxc5 16. c4 Bb6 17. Bf4 Qe7 18. Qe2 Bc7 19. Be5 Rhg8 20. Rd3 Bxe5 21.
dxe5 Rxd3 22. Qxd3 Nd7 23. Rd1 Rd8 24. b3 Nc5 25. Qxd8+ Qxd8 26. Rxd8+ Kxd8 27.
Kd2 f5 28. Ke3 a5 29. Ne1 Ke7 30. f3 Kf7 31. Kd4 b6 32. Nc2 Nd7 33. f4 g6 34.
hxg6+ Kxg6 35. Ke3 Kf7 36. Nd4 Nb8 37. Kf3 Ke7 38. g4 c5 39. Nb5 Nc6 40. gxf5
exf5 41. Nc7 Nd4+ 42. Kf2 Kd7 43. Nd5 b5 44. cxb5 Nxb5 45. Nb6+ Ke6 46. Nc4 Kd5
47. Nxa5 Ke4 48. Nc4 Kxf4 49. e6 Nc7 50. e7 Ne8 51. a4 Kg5 52. Nd6 Nxd6 53. a5 1-0

[Event "4th Mediterranean Open"]
[Site "Rijeka CRO"]
[Date "2010.11.18"]
[Round "7.5"]
[White "Kurajica, Bojan"]
[Black "Haznedaroglu, Kivanc"]
[Result "1/2-1/2"]
[WhiteTitle "GM"]
[BlackTitle "GM"]
[WhiteElo "2529"]
[BlackElo "2439"]
[WhiteFideId "14400057"]
[BlackFideId "6300634"]
[EventDate "2010.11.13"]

1. Nf3 d5 2. d4 Nf6 3. c4 c6 4. Qc2 dxc4 5. Qxc4 Bf5 6. g3 e6 7. Bg2 Nbd7 8. O-O
Be7 9. e3 O-O 10. Qe2 c5 11. Nc3 Ne4 12. Ne1 Ndf6 13. f3 Nxc3 14. bxc3 Rc8 15.
e4 Bg6 16. Be3 Qa5 17. Nd3 Qxc3 18. Nxc5 b6 19. Nb3 Ba3 20. Rab1 Nd7 21. Rfe1
Qc4 22. Qxc4 Rxc4 23. Bf1 Rc2 24. Bd3 Rc3 25. Bb5 Nb8 26. Bd2 Rcc8 27. Rbd1 f5
28. Bf4 fxe4 29. fxe4 Bh5 30. Be2 Bxe2 31. Rxe2 Nd7 32. Kg2 Rc4 33. e5 Re8 34.
d5 exd5 35. Rxd5 Nf8 36. Rd4 Rxd4 37. Nxd4 Bc5 38. Nb5 Ne6 39. Nxa7 Nd4 40. Rd2
Ra8 41. Be3 Rxa7 42. Bxd4 Bxd4 43. Rxd4 Rxa2+ 44. Kf3 Kf7 45. Rd6 Rxh2 46. Rxb6
h5 47. Ke4 Re2+ 48. Kf4 Rf2+ 49. Kg5 Rf3 50. Rb7+ Ke6 51. Kh4 g5+ 52. Kxg5 Rxg3+
53. Kxh5 Kxe5 1/2-1/2

[Event "4th Mediterranean Open"]
[Site "Rijeka CRO"]
[Date "2010.11.18"]
[Round "7.6"]
[White "Berescu, Alin-Mile"]
[Black "Nevednichy, Vladislav"]
[Result "1/2-1/2"]
[WhiteTitle "GM"]
[BlackTitle "GM"]
[WhiteElo "2468"]
[BlackElo "2547"]
[WhiteFideId "1204920"]
[BlackFideId "1205730"]
[EventDate "2010.11.13"]

1. e4 e6 2. d4 d5 3. Nc3 dxe4 4. Nxe4 Bd7 5. Nf3 Bc6 6. Bd3 Nd7 7. c3 Bxe4 8.
Bxe4 c6 9. O-O Ngf6 10. Bc2 Bd6 11. Re1 Qc7 12. Qe2 1/2-1/2

[Event "4th Mediterranean Open"]
[Site "Rijeka CRO"]
[Date "2010.11.18"]
[Round "7.7"]
[White "Loncar, Robert"]
[Black "Jovanic, Ognjen"]
[Result "1/2-1/2"]
[WhiteTitle "IM"]
[BlackTitle "GM"]
[WhiteElo "2404"]
[BlackElo "2532"]
[WhiteFideId "14501325"]
[BlackFideId "14504081"]
[EventDate "2010.11.13"]

1. d4 d5 2. c4 e6 3. Nc3 Nf6 4. Bg5 Be7 5. cxd5 exd5 6. e3 c6 7. Qc2 O-O 8. Nf3
Nbd7 9. Bd3 Re8 10. O-O Nf8 11. Bxf6 Bxf6 12. b4 a6 13. Rab1 Bg4 14. Nd2 Bh5 15.
a4 Bg6 16. Rfc1 Be7 17. b5 axb5 18. axb5 Ba3 19. Rd1 Bd6 20. bxc6 bxc6 21. Ne2
Bxd3 22. Qxd3 Ng6 23. Nf3 Qd7 24. Rdc1 Reb8 25. Rxb8+ Rxb8 26. Rb1 Rxb1+ 27.
Qxb1 Ne7 28. h3 g6 29. Nc1 h5 30. Nd3 Kg7 31. Nde5 Bxe5 32. Nxe5 Qc7 33. Qb4 1/2-1/2